000 00485nam a2200193 a 4500
001 1766738772376
003 ACL
005 20251226142007.0
008 251226s2009##################000#0#eng##
020 _a9780385520553
082 0 4 _a650.1
_bSTR
100 1 _aStrickland, Bill,
_eauthor.
245 1 0 _aMake the Impossible Possible :
260 _bCrown Currency,
_c2009.
300 _a242 pages
650 0 _aBusiness & Economics.
942 _cENGLISH
040 _aACL
_beng
_cACL
999 _c605268
_d605268